000 00823cab a2200229 4500
001 WB3439-34
008 090401t1998 xxu||||| |||| 00| 0 eng d
035 _a(Sirsi) u89048
041 _aeng
245 _aIPF reporting code
260 _c1998
350 _a0
490 _aProperty Week
_v63(25) 16 October 1998, 6(1)
520 _aThe Investment Property Forum has produced a draft code of performance reporting. This is aimed at property fund managers and is designed to bring property into line with other asset classes.
650 _aCODES OF PRACTICE
650 _aABOUT RICS-RELATED ORGANISATIONS-INVESTMENT PROPERTY FORUM
650 _aPERFORMANCE REPORTING
650 _aPROPERTY FUND MANAGERS
690 _aMANAGEMENT-BUSINESS MANAGEMENT-PROFESSIONAL PRACTICE
942 _n0
948 _c16/10/1998
999 _c56316
_d56316